00371nam a2200121Ia 4500008004100000041000800041082002000049100001700069245009900086260004900185300000900234440000600243221007s9999 xx 000 0 und d aeng a658.312 44bPOO aPooja Thorat 2aA Study On The Roal Of Emotional Intelligence In Work Life Balance Of Bank Employees In Mumbai c2018bSavitribai Phule Pune UniversityaPune a239p v1